000 00992nam a22003017a 4500
003 CHAP
005 20220329140043.0
008 971013s r 00010 d
010 _a46298
011 _a47270
035 _a51412
040 _cCHAP
082 _a378.724
_bU5
110 _aUniversidad Autónoma de Aguascalientes
_9116296
245 _aMemoria de las actividades, 19 -
260 _a(Aguascalientes, Ags.) :
_bLa Universidad,
_c19 -
300 _av.
500 _aLa biblioteca tiene: 1974
590 _aBATCH-UPD
_b10
_c20130110
_lUCH01
_h1955
590 _aBATCH-UPD
_b10
_c20130410
_lUCH01
_h1316
590 _aBATCH-UPD
_b10
_c20130914
_lUCH01
_h1245
590 _aCONVERSION
_b10
_c20130109
_lUCH01
_h1325
650 1 4 _aEducación superior
_xAguascalientes.
_935602
901 _aBK
942 _cLIBRO
949 _a378.724 U5
_bBC
_cLIBRO
_d-115026
_eLIBRO
_f1974
_h35333
_i51412
_mD
_si
949 _a378.724 U5
_bBC
_cLIBRO
_d33724000832150
_eLIBRO
_f1974 c.2
_h85379
_i51412
_mD
_sb
999 _c46298
_d46298